City of light: a novel (Record no. 37476)

MARC details
000 -LEADER
fixed length control field 00802nam a2200217 a 4500
001 - CONTROL NUMBER
control field 3091027
008 - FIXED-LENGTH DATA ELEMENTS--GENERAL INFORMATION
fixed length control field 161005s1999 ||||||||||||||||| || u
010 ## - LIBRARY OF CONGRESS CONTROL NUMBER
LC control number 98052917
020 ## - INTERNATIONAL STANDARD BOOK NUMBER
International Standard Book Number 0340748419
050 ## - LIBRARY OF CONGRESS CALL NUMBER
Classification number PS 3552.E467C58
100 ## - MAIN ENTRY--PERSONAL NAME
Personal name Belfer, Lauren
245 10 - TITLE STATEMENT
Title City of light: a novel
Statement of responsibility, etc. Lauren Belfer
260 ## - PUBLICATION, DISTRIBUTION, ETC.
Place of publication, distribution, etc. London
Name of publisher, distributor, etc. Hodder and Stoughton
Date of publication, distribution, etc. 1999
300 ## - PHYSICAL DESCRIPTION
Extent 520 p.
350 ## - PRICE (NR) (BK AM CF MU VM SE) [OBSOLETE]
Price 14.00
650 ## - SUBJECT ADDED ENTRY--TOPICAL TERM
Topical term or geographic name entry element ENGLISH LANGUAGE
856 ## - ELECTRONIC LOCATION AND ACCESS
Uniform Resource Identifier <a href="http://www.loc.gov/catdir/bios/random058/98052917.html">http://www.loc.gov/catdir/bios/random058/98052917.html</a>
856 ## - ELECTRONIC LOCATION AND ACCESS
Uniform Resource Identifier <a href="http://www.loc.gov/catdir/description/random0411/98052917.html">http://www.loc.gov/catdir/description/random0411/98052917.html</a>
856 ## - ELECTRONIC LOCATION AND ACCESS
Uniform Resource Identifier <a href="http://www.loc.gov/catdir/samples/random044/98052917.html">http://www.loc.gov/catdir/samples/random044/98052917.html</a>
995 ## - RECOMMENDATION 995 [LOCAL, UNIMARC FRANCE]
-- CBU-MAIN LIBRARY (Kitwe)
-- 14.00
-- 1
-- AVAILABLE
-- Oct 5, 2016
-- Fiction Collection
Holdings
Withdrawn status Lost status Source of classification or shelving scheme Damaged status Not for loan Home library Current library Shelving location Date acquired Total Checkouts Full call number Barcode Date last seen Price effective from Koha item type
          CBU-MAIN LIBRARY, KITWE. CBU-MAIN LIBRARY, KITWE.   11/30/2022   PS 3552.E467C58 746859 11/30/2022 11/30/2022 MONOGRAPH